000 00403nam a2200181Ia 4500
000 00746ngmaa2200277 a 4500
003 RNL
006 g||||fr|||| a0| fz
007 hj bfb|||baap
008 090707b ii f a fnsan d
040 _aeng
100 _aKesar, Kesar Singh
245 _aNaat chintan
260 _aChandigarh
260 _bLokgeet Prakashan
260 _c2006
942 _cBK
999 _c21848
_d21848